000
00331 a2200169 4500
001
183040
020
_a
85-7319-124-4
040
_c
Magnum
100
_a
Fragoso, J. H.
240
1
0
_a
Memento
_l
por
245
1
0
_a
Memento
300
_a
64
362
0
_a
1995
440
1
_a
Dimensão
697
_a
LITERATURA GERAL
942
_c
BK
999
_c
183040
_d
183040